Statistics for Movies that start with "The Man Who..."

Click here to take the quiz!

General Stats

  • This quiz has been taken 9 times
  • The average score is 4 of 8

Answer Stats

YearCastAnswer% Correct
1956James StewartThe Man Who Knew Too Much
67%
1975Sean ConneryThe Man Who Would Be King
67%
1976David BowieThe Man Who Fell to Earth
67%
1997Bill MurrayThe Man Who Knew Too Little
67%
1962James StewartThe Man Who Shot Liberty Valance
50%
2001Billy Bob ThorntonThe Man Who Wasn't There
33%
2015Dev PatelThe Man Who Knew Infinity
17%
2013Robert GustafssonThe Hundred Year-Old Man Who Climbed Out of the Window and Disappeared
0%

Score Distribution

Percentile by Number Answered

Percent of People with Each Score

Your Score History

You have not taken this quiz